INFORME FINAL DEL EJERCICIO PROFESIONAL SUPERVISADO REALIZADO EN LA MUNICIPALIDAD DE TACTIC, ALTA VERAPAZ./ (Registro nro. 2055)
[ vista simple ]
| 000 -LEADER | |
|---|---|
| campo de control de longitud fija | 04541nam a22003377a 4500 |
| 001 - NÚMERO DE CONTROL | |
| campo de control | TIC 0033 |
| 003 - IDENTIFICADOR DE NÚMERO DE CONTROL | |
| campo de control | gtcocun |
| 005 - FECHA Y HORA DE LA ÚLTIMA TRANSACCIÓN | |
| campo de control | 20250922180000.0 |
| 006 - CÓDIGOS DE INFORMACIÓN DE LONGITUD FIJA--CARACTERÍSTICAS DEL MATERIAL ADICIONAL | |
| campo de control de longitud fija | a||||gr|||| 00| 0 |
| 007 - CAMPO FIJO DE DESCRIPCIÓN FÍSICA--INFORMACIÓN GENERAL | |
| campo de control de longitud fija | ta |
| 008 - DATOS DE LONGITUD FIJA--INFORMACIÓN GENERAL | |
| campo de control de longitud fija | 250922b2024 gt ||||| m||| 00| 0 eng d |
| 040 ## - FUENTE DE CATALOGACIÓN | |
| Centro catalogador/agencia de origen | gtcocun |
| Lengua de catalogación | SPA |
| Centro/agencia transcriptor | gtcocun |
| Normas de descripción | RDA |
| 041 ## - CÓDIGO DE IDIOMA | |
| Código de lengua del texto/banda sonora o título independiente | SPA TIC 0033 |
| 084 ## - OTRO NÚMERO DE CLASIFICACIÓN | |
| Número de control del registro de autoridad o número normalizado | TIC 0033 |
| 100 ## - ENTRADA PRINCIPAL--NOMBRE DE PERSONA | |
| Nombre de persona | Jom Choc, Alejandro Anderson |
| Término indicativo de función/relación | Autor |
| 245 ## - MENCIÓN DEL TÍTULO | |
| Título | INFORME FINAL DEL EJERCICIO PROFESIONAL SUPERVISADO REALIZADO EN LA MUNICIPALIDAD DE TACTIC, ALTA VERAPAZ./ |
| Mención de responsabilidad, etc. | Alejandro Anderson Jom Choc. |
| Medio | Impreso |
| 264 ## - PRODUCCIÓN, PUBLICACIÓN, DISTRIBUCIÓN, FABRICACIÓN Y COPYRIGHT | |
| Producción, publicación, distribución, fabricación y copyright | Cobán, Alta Verapaz: |
| Nombre del de productor, editor, distribuidor, fabricante | Universidad de San Carlos de Guatemala, Centro Universitario del Norte, Ingeniería Civil |
| Fecha de producción, publicación, distribución, fabricación o copyright | 2024 |
| 300 ## - DESCRIPCIÓN FÍSICA | |
| Extensión | 193 p.: |
| Otras características físicas | Ilustraciones, gráficas. |
| Dimensiones | 28 cm; |
| 300 ## - DESCRIPCIÓN FÍSICA | |
| Dimensiones | |
| 336 ## - TIPO DE CONTENIDO | |
| Fuente | rdacontenido |
| Término de tipo de contenido | Texto |
| Código de tipo de contenido | txt |
| 337 ## - TIPO DE MEDIO | |
| Fuente | rdamedio |
| Nombre/término del tipo de medio | Computadora |
| Código del tipo de medio | n |
| 338 ## - TIPO DE SOPORTE | |
| Fuente | rdasoporte |
| Nombre/término del tipo de soporte | Código en línea |
| Código del tipo de soporte | cr |
| 502 ## - NOTA DE TESIS | |
| identificador de la tesis | TIC 0033 |
| 502 ## - NOTA DE TESIS | |
| Nota de tesis | Tesis de grado |
| Tipo de título | Ingeniería Civil, |
| Nombre de la institución que otorga el título | Universidad de San Carlos de Guatemala, Centro Universitario del Norte, Ingeniería Civil |
| Año de obtención del título | 2024 |
| Identificador de la tesis | TIC 0033 |
| 520 14 - RESUMEN, ETC. | |
| Sumario, etc. | El Ejercicio Profesional Supervisado EPS de la carrera de Ingeniería Civil se desarrolló en la municipalidad de Tactic, del departamento de Alta Verapaz, en el cual se ejecutó diferentes planificaciones para la elaboración del presente informe los cuales se titulan diseño de apertura de camino rural, Caserío Sambel II, diseño de sistema de agua potable, Caserío El Astillero y diseño de apertura de camino rural, Caserío Nuevo San Julián, estos<br/>del municipio de Tactic, Alta Verapaz.<br/>El trabajo está conformado por la fase de investigación la cual contiene información acerca de la monografía del municipio y la fase de asistencia técnica para los proyectos donde se realizó la intervención. Además, se realizó diferentes actividades para los proyectos antes mencionados donde se tomó en cuenta los requisitos y normas de construcción vigentes,<br/>esto desarrollado durante el tiempo de ejecución del EPS, las actividades se mencionan a continuación:<br/>Se realizó el levantamiento topográfico del área donde se intervendrá los proyectos de los caminos rurales y del sistema de agua potable, esto con el fin de obtener datos de altimetría y planimetría para sus debidos diseños.<br/>Para los proyectos de apertura de camino rural, se realizó el estudio del suelo y del banco de balasto para conocer sus características que servirán para la ejecución del proyecto. El diseño se basó mediante las normas del manual de la Dirección General de Caminos DGC,<br/>donde se cumplió las normas y características para el diseño de caminos rurales como lo son la velocidad de diseño por medio del tipo de terreno, valores mínimos para el diseño de curvas horizontales y curvas verticales, pendiente máxima, espesor de la carpeta de<br/>rodadura y la determinación de taludes conforme a la altura del corte y del relleno al momento del diseño. Además, para estos proyectos se diseñó el drenaje longitudinal y transversal que ayuda al desfogue del agua pluvial para evitar daños a la carpeta de rodadura.<br/><br/>Para el proyecto del sistema de agua potable se realizó el estudio del suelo mediante la extracción de una muestra inalterada de suelo por medio del método de cielo abierto, para obtener sus propiedades físicas y mecánicas. Asimismo, se realizó el estudio físico químico<br/>y bacteriológico del agua que abastecerá a la comunidad para conocer la calidad de agua del nacimiento. El diseño se basó por medio de especificaciones y recomendaciones técnicas del Instituto de Fomento Municipal INFOM y la Unidad Ejecutora del Programa de Acueductos Rurales UNEPAR, el cual establece los requerimientos para el diseño de la<br/>línea de conducción y distribución del sistema como lo son la dotación, el caudal, factores de consumo, velocidades, presiones dentro del sistema y condiciones para el diseño del tanque de distribución para obtener un buen funcionamiento del proyecto.<br/>Se elaboró cada uno de los planos, especificaciones técnicas, presupuesto y cronogramas de ejecución que son necesarios para los proyectos. |
| 650 ## - PUNTO DE ACCESO ADICIONAL DE MATERIA--TÉRMINO DE MATERIA | |
| Fuente del encabezamiento o término | LEMB |
| Término de materia o nombre geográfico como elemento de entrada | Táctic, Alta Verapaz |
| Subdivisión general | Ingeniería |
| -- | Apertura |
| -- | Proyecto |
| -- | Diseño |
| -- | Camino |
| -- | Sistema |
| 700 ## - ENTRADA AGREGADA--NOMBRE PERSONAL | |
| Nombre de persona | Inga. Civil Sindry Yaneth Pacay Morales |
| Término indicativo de función/relación | Asesor |
| 856 ## - LOCALIZACIÓN Y ACCESO ELECTRÓNICOS | |
| Identificador Uniforme de Recurso | <a href="https://drive.google.com/file/d/1ua9PnnL2_ehbZ0qh6capg64mpZYjQN0D/view">https://drive.google.com/file/d/1ua9PnnL2_ehbZ0qh6capg64mpZYjQN0D/view</a> |
| Texto de enlace | |
| Nota pública | Un ejemplar en línea. |
| 942 ## - ELEMENTOS DE ENTRADA SECUNDARIOS (KOHA) | |
| Fuente de la clasificación o esquema de estantería | Clasificación Decimal Dewey |
| Tipo de ítem Koha | TESIS |
| Parte de la signatura que identifica el ejemplar (Parte del ítem) | TIC 0033 |
| Prefijo de la signatura | Clasificación |
| Suprimir en OPAC | No |
| -- | TIC_0033_000000000000000 |
| Estatus retirado | Estado de pérdida | Fuente de la clasificación o esquema de estantería | Estado de daño | No para préstamo | Colección | Biblioteca de origen | Biblioteca actual | Ubicación en estantería | Fecha de adquisición | Número de inventario | Total de préstamos | Signatura topográfica completa | Código de barras | Visto por última vez | Precio de reemplazo | Tipo de ítem Koha |
|---|---|---|---|---|---|---|---|---|---|---|---|---|---|---|---|---|
| Clasificación Decimal Dewey | tesis | BIBLIOTECA- CUNOR -JOSÉ LUIS GONZALES ROSALES | BIBLIOTECA- CUNOR -JOSÉ LUIS GONZALES ROSALES | Colección tesis | 16/09/2025 | TIC 0033 | TIC 0033 | TIC 0033 | 16/09/2025 | 16/09/2025 | TESIS |